A 200 éves Bolzano
Elmentve itt :
| Szerző: | |
|---|---|
| Adatforrás: | Philobibl |
| Forrásdokumentuma: | Világosság 23 1982/1., 46-48. p. |
| Dokumentumtípus: | Cikk |
| Nyelv: | magyar |
| LEADER | 00250nab a2200097 c 4500 | ||
|---|---|---|---|
| 001 | bibDOK00002711 | ||
| 005 | 20200924115908.5 | ||
| 008 | 060518s1982 hu hun | ||
| 100 | 1 | |a F.J. | |
| 245 | 1 | 2 | |a A 200 éves Bolzano |c F.J. |
| 773 | 0 | |t Világosság 23 |g 1982/1., 46-48. p. | |